[Event "American Continental 13th"]
[Site "Medellin"]
[Date "2017.06.12"]
[Round "4"]
[White "Castano, Jhon Edison"]
[Black "Echavarria, Gustavo"]
[Result "1-0"]
[WhiteElo "2088"]
[BlackElo "1902"]
[PlyCount "77"]
[EventDate "2017.06.10"]
[EventType "swiss"]
[EventRounds "11"]
[EventCountry "COL"]
[SourceTitle "CBM 178 Extra"]
[Source "ChessBase"]
[SourceDate "2017.06.22"]
[SourceVersion "1"]
[SourceVersionDate "2017.06.22"]
[SourceQuality "1"]

1. d4 Nf6 2. c4 e6 3. Nc3 Bb4 4. Bd2 0-0 5. e3 b6 6. Qf3 d5 7. Bd3 Bb7 8. Nge2 Nbd7 9. Qh3 dxc4 10. Bxc4 Qe7 11. Ng3 Rfd8 12. 0-0 c5 13. Rfe1 Nf8 14. Rad1 cxd4 15. exd4 Qc7 16. Bb3 Bxc3 17. bxc3 Nd5 18. c4 Nf4 19. Bxf4 Qxf4 20. d5 exd5 21. cxd5 Bc8 22. Ne2 Qb4 23. Qc3 Qd6 24. Qg3 Bb7 25. Nc3 Qb4 26. Re4 Qd6 27. Qe3 Nd7 28. Re7 Kf8 29. Re1 Nc5 30. Nb5 Qf6 31. Nc7 Ne6 32. Nxe6+ Kxe7 33. Nxd8+ Kxd8 34. Qe8+ Kc7 35. Re7+ Kd6 36. Qd7+ Kc5 37. Qc7+ Kb4 38. Re4+ Ka3 39. Qc1+ 1-0

[Event "Manizales op 26th"]
[Site "Manizales"]
[Date "2017.01.07"]
[Round "6"]
[White "Chisco, Juan Esteban"]
[Black "Echavarria, Gustavo"]
[Result "0-1"]
[WhiteElo "1397"]
[BlackElo "1921"]
[PlyCount "40"]
[EventDate "2017.01.04"]
[EventType "swiss"]
[EventRounds "9"]
[EventCountry "COL"]
[SourceTitle "CBM 176 Extra"]
[Source "ChessBase"]
[SourceDate "2017.03.02"]
[SourceVersion "1"]
[SourceVersionDate "2017.03.02"]
[SourceQuality "1"]

1. e4 c6 2. d4 d5 3. e5 Bf5 4. Nf3 e6 5. Be2 Ne7 6. Bg5 Qb6 7. Qc1 h6 8. Bh4 Nd7 9. a4 c5 10. Na3 cxd4 11. Nb5 Nc6 12. Bg3 Bb4+ 13. c3 dxc3 14. bxc3 Bc5 15. 0-0 0-0 16. Qf4 Be4 17. Rfe1 a6 18. Nd6 Bxf3 19. Bxf3 Ncxe5 20. Rxe5 Bxd6 0-1

[Event "Manizales op 26th"]
[Site "Manizales"]
[Date "2017.01.06"]
[Round "5"]
[White "Echavarria, Gustavo"]
[Black "Cortes Castro, Jhonny"]
[Result "1-0"]
[WhiteElo "1921"]
[BlackElo "1742"]
[PlyCount "44"]
[EventDate "2017.01.04"]
[EventType "swiss"]
[EventRounds "9"]
[EventCountry "COL"]
[SourceTitle "CBM 176 Extra"]
[Source "ChessBase"]
[SourceDate "2017.03.02"]
[SourceVersion "1"]
[SourceVersionDate "2017.03.02"]
[SourceQuality "1"]

1. e4 Nc6 2. Nf3 e5 3. Bb5 a6 4. Ba4 Be7 5. 0-0 d6 6. c3 Nf6 7. d3 0-0 8. Nbd2 Bd7 9. Re1 Ne8 10. Nf1 f5 11. exf5 Rxf5 12. Ng3 Rf8 13. Ne4 Bg4 14. Ned2 Bg5 15. Qc2 Bxd2 16. Nxd2 Qh4 17. Ne4 Nf6 18. Bg5 Qh5 19. Bxf6 gxf6 20. f3 Bd7 21. Qd2 b5 22. Bb3+ Kh8 1-0

[Event "COL-ch Seniors"]
[Site "Cartagena"]
[Date "2016.10.28"]
[Round "5"]
[White "Laverde, Luis Eduardo"]
[Black "Echavarria, Gustavo"]
[Result "1-0"]
[WhiteElo "2077"]
[BlackElo "1901"]
[PlyCount "97"]
[EventDate "2016.10.26"]
[EventType "swiss"]
[EventRounds "7"]
[EventCountry "COL"]
[SourceTitle "EXT 2018"]
[Source "ChessBase"]
[SourceDate "2017.10.13"]
[SourceVersion "1"]
[SourceVersionDate "2017.10.13"]
[SourceQuality "1"]

1. c4 e5 2. g3 f5 3. Bg2 Nf6 4. Nc3 c6 5. d3 Bc5 6. e3 0-0 7. Nge2 Qe8 8. d4 Bb6 9. dxe5 Qxe5 10. 0-0 d6 11. b3 Nbd7 12. Bb2 Qe7 13. Na4 Bc7 14. Qc2 Ne5 15. Nf4 Bd7 16. Rad1 Rad8 17. Bd4 b6 18. Bb2 h6 19. Bxe5 dxe5 20. Ng6 Qf7 21. Nxf8 Rxf8 22. Nc3 e4 23. f3 exf3 24. Bxf3 Re8 25. Qd3 Qg6 26. Ne2 Re7 27. Nf4 Qe8 28. Ng2 g5 29. Rfe1 g4 30. Be2 Ne4 31. Bf1 Bd6 32. Nf4 Bb4 33. Bg2 Bxe1 34. Rxe1 Bc8 35. Bxe4 Rxe4 36. Kf2 Re7 37. Qd6 Rd7 38. Qxh6 Rd2+ 39. Re2 Rxe2+ 40. Kxe2 Qe4 41. Qg6+ Kf8 42. Qd6+ Ke8 43. Kd2 Qh1 44. Ng6 Qxh2+ 45. Kc3 Qh7 46. Qxc6+ Qd7 47. Qf6 Qb7 48. Qf8+ Kd7 49. Qe7+ 1-0

[Event "COL pre olympic sf2"]
[Site "Cartagena"]
[Date "2016.05.06"]
[Round "5"]
[White "Echavarria, Gustavo"]
[Black "Cardona, Jeyson"]
[Result "0-1"]
[WhiteElo "1934"]
[BlackElo "2065"]
[PlyCount "98"]
[EventDate "2016.05.04"]
[EventType "swiss"]
[EventRounds "9"]
[EventCountry "COL"]
[SourceTitle "CBM 172 Extra"]
[Source "ChessBase"]
[SourceDate "2016.06.21"]
[SourceVersion "1"]
[SourceVersionDate "2016.06.21"]
[SourceQuality "1"]

1. e4 e5 2. Nf3 Nc6 3. Bb5 a6 4. Ba4 Nf6 5. 0-0 b5 6. Bb3 Bc5 7. d3 d6 8. c3 0-0 9. h3 h6 10. Be3 Bxe3 11. fxe3 Na5 12. Bc2 Qe7 13. Nbd2 c5 14. Qe1 c4 15. d4 Nc6 16. Qf2 Nh7 17. Nh4 g6 18. Kh1 Bb7 19. Qg3 Qg5 20. Qf2 Nb8 21. Ndf3 Qe7 22. Qg3 Ng5 23. dxe5 Nxf3 24. Nxf3 dxe5 25. Nxe5 Nd7 26. Nxd7 Qxd7 27. Rad1 Qe7 28. Rd4 Rfe8 29. Rfd1 Qe5 30. Qh4 Kg7 31. Qf4 g5 32. Qf2 Re7 33. Kg1 Rae8 34. R1d2 Re6 35. Qf3 Rf6 36. Qg4 Bc8 37. Qe2 Qg3 38. Kh1 Bxh3 39. gxh3 Qxh3+ 40. Kg1 Rf3 41. Qxf3 Qxf3 42. Rf2 Qxe3 43. Rd7 Qg3+ 44. Rg2 Qe3+ 45. Rf2 Qg3+ 46. Rg2 Qe1+ 47. Kh2 Re6 48. Rd1 Qh4+ 49. Kg1 Rf6 0-1

[Event "Pan American Amateur-ch"]
[Site "San Andres Islas"]
[Date "2014.08.29"]
[Round "6"]
[White "Medina, Julio C"]
[Black "Echavarria, Gustavo"]
[Result "0-1"]
[WhiteElo "1888"]
[BlackElo "1942"]
[PlyCount "54"]
[EventDate "2014.08.26"]
[EventType "swiss"]
[EventRounds "9"]
[EventCountry "COL"]
[SourceTitle "EXT 2016"]
[Source "ChessBase"]
[SourceDate "2015.10.08"]
[SourceVersion "1"]
[SourceVersionDate "2015.10.08"]
[SourceQuality "1"]

1. e4 c6 2. d4 d5 3. exd5 cxd5 4. Bd3 Nc6 5. c3 g6 6. h3 Nh6 7. Nd2 Bg7 8. Ngf3 0-0 9. 0-0 a6 10. Re1 b5 11. a3 f6 12. Nb3 Nf7 13. Nh2 e5 14. f4 exd4 15. f5 Nfe5 16. fxg6 hxg6 17. Rxe5 fxe5 18. Bxg6 Qf6 19. Bc2 e4 20. cxd4 Qf2+ 21. Kh1 e3 22. Bd3 Bf5 23. Be2 Be4 24. Nf3 Rf6 25. Nc5 Rg6 26. Qf1 Bxf3 27. gxf3 Nxd4 0-1

[Event "Pan American Amateur-ch"]
[Site "San Andres Islas"]
[Date "2014.08.27"]
[Round "3"]
[White "Pena, Fernando"]
[Black "Echavarria, Gustavo"]
[Result "0-1"]
[WhiteElo "1903"]
[BlackElo "1942"]
[PlyCount "89"]
[EventDate "2014.08.26"]
[EventType "swiss"]
[EventRounds "9"]
[EventCountry "COL"]
[SourceTitle "EXT 2016"]
[Source "ChessBase"]
[SourceDate "2015.10.08"]
[SourceVersion "1"]
[SourceVersionDate "2015.10.08"]
[SourceQuality "1"]

1. e4 c6 2. d4 d5 3. e5 Bf5 4. Nf3 e6 5. Bd3 Ne7 6. Bg5 Bxd3 7. Qxd3 Qc7 8. Nbd2 h6 9. Bxe7 Bxe7 10. 0-0 0-0 11. a4 c5 12. dxc5 Bxc5 13. c3 Nc6 14. b4 Be7 15. Rfe1 Rfd8 16. Nb3 Rac8 17. g3 Rd7 18. h4 Qd8 19. Nfd4 Nxd4 20. Nxd4 Rc4 21. Re3 a6 22. Qd2 Rdc7 23. Rb1 b6 24. Kg2 Qc8 25. Ne2 f6 26. exf6 Bxf6 27. Rb3 Qd7 28. a5 b5 29. Nf4 R7c6 30. Nh5 Bd8 31. Nf4 Bxh4 32. Nd3 Bf6 33. Nc5 Qf7 34. Qe2 e5 35. Rb1 e4 36. Qe1 Bg5 37. f4 Be7 38. Nb3 Qh5 39. Rd1 Bf6 40. Nc5 Bxc3 41. Rxc3 Rxc3 42. Rxd5 Qf3+ 43. Kh3 Rg6 44. Nxe4 Re3 45. Rd8+ 0-1

[Event "Pan American Amateur-ch"]
[Site "San Andres Islas"]
[Date "2014.08.26"]
[Round "1"]
[White "Restrepo, Hugo"]
[Black "Echavarria, Gustavo"]
[Result "1/2-1/2"]
[WhiteElo "1689"]
[BlackElo "1942"]
[PlyCount "105"]
[EventDate "2014.08.26"]
[EventType "swiss"]
[EventRounds "9"]
[EventCountry "COL"]
[SourceTitle "EXT 2016"]
[Source "ChessBase"]
[SourceDate "2015.10.08"]
[SourceVersion "1"]
[SourceVersionDate "2015.10.08"]
[SourceQuality "1"]

1. e4 c6 2. d4 d5 3. f3 e6 4. Nc3 Bb4 5. a3 Bxc3+ 6. bxc3 dxe4 7. Qe2 exf3 8. Nxf3 Nf6 9. c4 0-0 10. Bd2 b6 11. Bc3 Re8 12. 0-0-0 Qc7 13. Ne5 Nbd7 14. g4 Ba6 15. Qf3 Nxe5 16. dxe5 Nd7 17. Rd6 Rac8 18. Bd3 Nc5 19. Rd1 Nxd3+ 20. Qxd3 Qe7 21. Kb2 b5 22. Qe3 Rcd8 23. Rxd8 Rxd8 24. Qxa7 Qg5 25. Rxd8+ Qxd8 26. Qxa6 Qe8 27. cxb5 cxb5 28. Bb4 h6 29. Qd6 Qa8 30. Qb6 Qd5 31. Bc5 Qxe5+ 32. Bd4 Qe4 33. Qb8+ Kh7 34. Qe5 Qxg4 35. Qxg7+ Qxg7 36. Bxg7 Kxg7 37. c4 Kf6 38. cxb5 Ke5 39. b6 Kd6 40. a4 f5 41. a5 f4 42. a6 Kc6 43. b7 Kc7 44. Kc3 f3 45. Kd3 e5 46. Ke3 e4 47. Kf2 Kb8 48. Ke3 Ka7 49. Kf2 Kb8 50. Ke3 Kc7 51. Kf2 h5 52. Ke3 h4 53. Kf2 1/2-1/2

[Event "COL-ch sf"]
[Site "Medellin"]
[Date "2014.??.??"]
[Round "11"]
[White "Echavarria, Gustavo"]
[Black "Agudelo, Carlos Hernan"]
[Result "0-1"]
[WhiteElo "1940"]
[BlackElo "2058"]
[PlyCount "84"]
[EventDate "2014.04.15"]
[EventType "swiss"]
[EventRounds "11"]
[EventCountry "COL"]
[SourceTitle "CBM 160 Extra"]
[Source "ChessBase"]
[SourceDate "2014.07.01"]
[SourceVersion "1"]
[SourceVersionDate "2014.07.01"]
[SourceQuality "1"]

1. e4 Nf6 2. Nc3 d5 3. exd5 Nxd5 4. Ne4 e5 5. Nf3 f6 6. Bc4 Bf5 7. d3 Nc6 8. c3 Qd7 9. Bd2 Nb6 10. Bb5 a6 11. Bxc6 Qxc6 12. Qc2 Be7 13. 0-0-0 0-0-0 14. Rhe1 Bg4 15. Be3 Bxf3 16. gxf3 Nd5 17. c4 Nxe3 18. fxe3 f5 19. Nd2 Bb4 20. e4 f4 21. Rg1 Bxd2+ 22. Rxd2 Rd7 23. Rg5 Qc5 24. Qc3 Re8 25. Kc2 Qe7 26. Rg1 Qh4 27. Rgg2 Qh3 28. Rgf2 Rd4 29. Qa5 g5 30. b4 Kb8 31. b5 axb5 32. cxb5 Qe6 33. Kb1 Qd6 34. Qc3 Rd8 35. Ka1 Rxd3 36. Rxd3 Qxd3 37. Qxe5 Rd4 38. Rb2 Qc3 39. Qe8+ Ka7 40. b6+ cxb6 41. a4 Qa3+ 42. Kb1 Rd1+ 0-1

[Event "COL-ch sf"]
[Site "Medellin"]
[Date "2014.??.??"]
[Round "2"]
[White "Echavarria, Gustavo"]
[Black "Guerrero Sierra, Juan Carlos"]
[Result "0-1"]
[WhiteElo "1940"]
[BlackElo "2193"]
[PlyCount "138"]
[EventDate "2014.04.15"]
[EventType "swiss"]
[EventRounds "11"]
[EventCountry "COL"]
[SourceTitle "CBM 160 Extra"]
[Source "ChessBase"]
[SourceDate "2014.07.01"]
[SourceVersion "1"]
[SourceVersionDate "2014.07.01"]
[SourceQuality "1"]

1. e4 c5 2. Nf3 g6 3. Bc4 Nc6 4. c3 Bg7 5. d3 d6 6. 0-0 Nf6 7. Nbd2 Rb8 8. Bb5 0-0 9. Qe2 Bd7 10. d4 cxd4 11. cxd4 a6 12. Bc4 b5 13. Bd3 Qb6 14. Nb3 Rfc8 15. h3 Nb4 16. Bb1 a5 17. Be3 a4 18. d5 Qd8 19. Nbd4 Na6 20. a3 Nc5 21. Bd2 Qb6 22. Bc3 Rc7 23. Re1 Nh5 24. Qd2 Nb3 25. Nxb3 Bxc3 26. bxc3 axb3 27. Nd4 Qa5 28. Rc1 Qa4 29. Bd3 Rbc8 30. Qb2 Nf4 31. Bf1 e6 32. dxe6 Nxe6 33. Nxb3 Qxe4 34. Nd2 Qe5 35. Nf3 Qf6 36. Nd2 Bc6 37. Bxb5 Rb7 38. a4 Nf4 39. Qa3 Bxb5 40. axb5 Qg5 41. g3 Ne2+ 42. Kf1 Nxc1 43. Qxc1 Qxb5+ 44. c4 Qb2 45. Qe1 Qd4 46. Rd1 Qe5 47. Ne4 Re7 48. Nxd6 Qxe1+ 49. Rxe1 Rxe1+ 50. Kxe1 Rc6 51. Nb5 Rxc4 52. Kd2 Kf8 53. Kd3 Rc1 54. Ke3 Ke7 55. Nd4 Kf6 56. h4 h5 57. Ne2 Ra1 58. f3 Ra3+ 59. Kf4 Ra4+ 60. Ke3 Ke5 61. Kf2 Ra3 62. Kg2 Kd5 63. Kf2 Kc4 64. Ng1 Kd3 65. Nh3 Ra2+ 66. Kf1 Ke3 67. f4 Kf3 68. Ng5+ Kxg3 69. Nxf7 Kxf4 0-1

[Event "COL-ch sf"]
[Site "Medellin"]
[Date "2014.??.??"]
[Round "3"]
[White "Moran, Daniel Stiven"]
[Black "Echavarria, Gustavo"]
[Result "1-0"]
[WhiteElo "2140"]
[BlackElo "1940"]
[PlyCount "85"]
[EventDate "2014.04.15"]
[EventType "swiss"]
[EventRounds "11"]
[EventCountry "COL"]
[SourceTitle "CBM 160 Extra"]
[Source "ChessBase"]
[SourceDate "2014.07.01"]
[SourceVersion "1"]
[SourceVersionDate "2014.07.01"]
[SourceQuality "1"]

1. c4 e5 2. Nc3 f5 3. g3 Nf6 4. Bg2 d6 5. e3 Be7 6. Nge2 0-0 7. 0-0 c6 8. d3 Nbd7 9. b4 Qe8 10. b5 Nc5 11. Rb1 Bd7 12. a4 Ne6 13. a5 Bd8 14. a6 bxa6 15. Ba3 Bc7 16. bxc6 Bxc6 17. Nd5 Bb8 18. Ne7+ Qxe7 19. Bxc6 Bc7 20. Bxa8 Rxa8 21. Qa4 Bb6 22. Qc6 Rd8 23. Nc3 Ng5 24. h4 Ne6 25. Nd5 Nxd5 26. Qxd5 Kh8 27. Qxe5 dxe5 28. Bxe7 Rxd3 29. Rfd1 Rxd1+ 30. Rxd1 Kg8 31. Rd5 Kf7 32. Bd6 f4 33. c5 Bd8 34. Bxe5 fxe3 35. fxe3 Ke7 36. c6 Bb6 37. Bd4 Nxd4 38. exd4 a5 39. Rd7+ Ke8 40. Kg2 a4 41. Rxg7 Kd8 42. d5 Bc5 43. d6 1-0

[Event "COL-ch Seniors"]
[Site "Bucaramanga"]
[Date "2013.09.28"]
[Round "5"]
[White "Echavarria, Gustavo"]
[Black "Toro Herrera, Carlos Arturo"]
[Result "1-0"]
[WhiteElo "1927"]
[BlackElo "1624"]
[PlyCount "61"]
[EventDate "2013.09.26"]
[EventType "swiss"]
[EventRounds "7"]
[EventCountry "COL"]
[SourceTitle "CBM 156 Extra"]
[Source "ChessBase"]
[SourceDate "2013.10.22"]
[SourceVersion "1"]
[SourceVersionDate "2013.10.22"]
[SourceQuality "1"]

1. e4 c5 2. Nf3 Nc6 3. d4 cxd4 4. Nxd4 g6 5. Be3 Bg7 6. Bc4 e6 7. c3 a6 8. 0-0 Nge7 9. Nd2 0-0 10. Be2 d5 11. Nxc6 bxc6 12. Qc2 Bb7 13. Nb3 dxe4 14. Qxe4 Nd5 15. Rad1 Re8 16. Kh1 Qc7 17. Bc5 Rad8 18. Bf3 Rd7 19. Ba3 Nf6 20. Qc4 Rxd1 21. Rxd1 Rd8 22. Rxd8+ Qxd8 23. g3 Nd5 24. Qd3 Qg5 25. c4 Nb6 26. Nc5 Bc8 27. Ne4 Qa5 28. Qd8+ Bf8 29. Nf6+ Kg7 30. Bxf8+ Kh8 31. Bh6# 1-0

[Event "Medellin Region IRT op"]
[Site "Medellin"]
[Date "2013.05.19"]
[Round "6"]
[White "Echavarria, Gustavo"]
[Black "Varela, Maria de los Angele"]
[Result "0-1"]
[WhiteElo "1944"]
[BlackElo "1634"]
[PlyCount "73"]
[EventDate "2013.05.16"]
[EventType "swiss"]
[EventRounds "7"]
[EventCountry "COL"]
[SourceTitle "CBM 154 Extra"]
[Source "ChessBase"]
[SourceDate "2013.06.25"]
[SourceVersion "2"]
[SourceVersionDate "2013.06.25"]
[SourceQuality "1"]

1. e4 c5 2. Nf3 d6 3. d4 cxd4 4. Nxd4 Nf6 5. Nc3 g6 6. Be2 Bg7 7. 0-0 0-0 8. f4 Nbd7 9. Be3 a6 10. f5 Ne5 11. Kh1 b5 12. a3 Bb7 13. Bf3 Nc4 14. Bc1 Qb6 15. Re1 Ng4 16. Bxg4 Bxd4 17. Bh6 Nxb2 18. Qc1 Bxc3 19. Bxf8 Rxf8 20. Re3 Bd4 21. Rh3 Bg7 22. fxg6 Bxe4 23. gxf7+ Kh8 24. Qf4 Bg6 25. Be6 Qc5 26. Qg4 Qxc2 27. Rf1 h5 28. Qg5 Qe2 29. Rhf3 Qxe6 30. Re3 Rxf7 31. Rfe1 Qf6 32. Qxf6 Bxf6 33. Rh3 Nd3 34. Rf1 Kg7 35. Rff3 e5 36. Rxd3 Bxd3 37. Rxd3 0-1

[Event "COL-ch Amateur"]
[Site "San Andres Islas"]
[Date "2013.03.16"]
[Round "6"]
[White "Silva, Jorge"]
[Black "Echavarria, Gustavo"]
[Result "1-0"]
[WhiteElo "1970"]
[BlackElo "1944"]
[PlyCount "107"]
[EventDate "2013.03.13"]
[EventType "swiss"]
[EventRounds "9"]
[EventCountry "COL"]
[SourceTitle "CBM 153 Extra"]
[Source "ChessBase"]
[SourceDate "2013.04.22"]
[SourceVersion "1"]
[SourceVersionDate "2013.04.22"]
[SourceQuality "1"]

1. e4 c6 2. d4 d5 3. Nd2 dxe4 4. Nxe4 Bf5 5. Ng3 Bg6 6. Nf3 Nd7 7. h4 h6 8. h5 Bh7 9. Bd3 Bxd3 10. Qxd3 e6 11. Bf4 Ngf6 12. 0-0-0 Nd5 13. Bd2 Qb6 14. Ne4 0-0-0 15. Kb1 Kb8 16. c4 Qa6 17. Qb3 N5b6 18. Bf4+ Ka8 19. Rc1 Be7 20. Bc7 Rc8 21. Bd6 Rce8 22. Ne5 Nxe5 23. dxe5 Nd7 24. f4 f5 25. Bxe7 Rxe7 26. Qb4 Ree8 27. Nd6 Rb8 28. Rhd1 Qb6 29. Qxb6 Nxb6 30. Rd3 Rhd8 31. Rg3 Rd7 32. Rg6 Re7 33. g4 fxg4 34. Rg1 Rh8 35. R1xg4 Rh7 36. Kc2 Nd7 37. Nc8 Rf7 38. Rxe6 Kb8 39. Nd6 Rf8 40. Re7 Kc7 41. Re8 Rhh8 42. Rxf8 Rxf8 43. Kd2 Rg8 44. Rxg7 Rxg7 45. Ne8+ Kd8 46. Nxg7 Nf8 47. Nf5 Ne6 48. Ke3 b5 49. cxb5 cxb5 50. Nxh6 Ng7 51. Nf7+ Ke7 52. h6 Nf5+ 53. Ke4 Ng3+ 54. Kf3 1-0

[Event "COL-ch Amateur"]
[Site "San Andres Islas"]
[Date "2013.03.13"]
[Round "1"]
[White "Echavarria, Gustavo"]
[Black "Restrepo, Hugo"]
[Result "1-0"]
[WhiteElo "1944"]
[BlackElo "1726"]
[PlyCount "35"]
[EventDate "2013.03.13"]
[EventType "swiss"]
[EventRounds "9"]
[EventCountry "COL"]
[SourceTitle "CBM 153 Extra"]
[Source "ChessBase"]
[SourceDate "2013.04.22"]
[SourceVersion "1"]
[SourceVersionDate "2013.04.22"]
[SourceQuality "1"]

1. e4 c5 2. f4 Nc6 3. Nf3 g6 4. Bc4 Bg7 5. c3 Nf6 6. Qe2 0-0 7. d3 a6 8. Bb3 d5 9. e5 Ng4 10. 0-0 b5 11. h3 Nh6 12. Be3 c4 13. Bc2 Nf5 14. Bf2 cxd3 15. Bxd3 Rb8 16. Nbd2 Qc7 17. Rfc1 Bh6 18. g4 1-0

[Event "COL-ch Amateur"]
[Site "San Andres Islas"]
[Date "2013.03.13"]
[Round "2"]
[White "Rosero, Hugo Alberto"]
[Black "Echavarria, Gustavo"]
[Result "0-1"]
[WhiteElo "1649"]
[BlackElo "1944"]
[PlyCount "24"]
[EventDate "2013.03.13"]
[EventType "swiss"]
[EventRounds "9"]
[EventCountry "COL"]
[SourceTitle "CBM 153 Extra"]
[Source "ChessBase"]
[SourceDate "2013.04.22"]
[SourceVersion "1"]
[SourceVersionDate "2013.04.22"]
[SourceQuality "1"]

1. e4 c6 2. d4 d5 3. Nd2 dxe4 4. Nxe4 Bf5 5. Ng3 Bg6 6. h4 h6 7. Nf3 Nd7 8. Bd3 Bxd3 9. Qxd3 Ngf6 10. c4 e6 11. Bd2 Bd6 12. 0-0-0 Qe7 0-1

[Event "Pan American-ch"]
[Site "Cartagena"]
[Date "2012.09.08"]
[Round "9"]
[White "Huertas Botache, Alvaro Arturo"]
[Black "Echavarria, Gustavo"]
[Result "1-0"]
[WhiteElo "1820"]
[BlackElo "1944"]
[PlyCount "36"]
[EventDate "2012.07.04"]
[EventType "swiss"]
[EventRounds "9"]
[EventCountry "COL"]
[SourceTitle "CBM 149 Extra"]
[Source "ChessBase"]
[SourceDate "2012.08.24"]
[SourceVersion "1"]
[SourceVersionDate "2012.08.24"]
[SourceQuality "1"]

1. e4 c6 2. d4 d5 3. exd5 cxd5 4. c4 Nf6 5. Nc3 e6 6. Bd3 Nbd7 7. Nf3 Be7 8. 0-0 dxc4 9. Bxc4 Nb6 10. Bb3 0-0 11. Bg5 Nbd5 12. Qd3 a6 13. Ne5 b5 14. Bc2 Qc7 15. Rfe1 Bb7 16. Rac1 Qd6 17. h3 Nxc3 18. bxc3 Rac8 1-0

[Event "Pan American-ch"]
[Site "Cartagena"]
[Date "2012.07.07"]
[Round "8"]
[White "Echavarria, Gustavo"]
[Black "Gomez, John David"]
[Result "0-1"]
[WhiteElo "1944"]
[BlackElo "1987"]
[PlyCount "106"]
[EventDate "2012.07.04"]
[EventType "swiss"]
[EventRounds "9"]
[EventCountry "COL"]
[SourceTitle "CBM 149 Extra"]
[Source "ChessBase"]
[SourceDate "2012.08.24"]
[SourceVersion "1"]
[SourceVersionDate "2012.08.24"]
[SourceQuality "1"]

1. e4 c5 2. f4 d5 3. exd5 Nf6 4. Nc3 Nxd5 5. Bb5+ Bd7 6. Qf3 Bxb5 7. Nxb5 Qd7 8. Qxd5 Qxb5 9. a4 Qc6 10. Qf3 g6 11. d3 Bg7 12. c3 0-0 13. Qxc6 Nxc6 14. Be3 Rfd8 15. 0-0-0 Na5 16. Kc2 b6 17. Nf3 Rd5 18. Ng5 Rad8 19. Rhf1 Rc8 20. Ne4 Rcd8 21. Ng3 e6 22. Ne4 Nc6 23. g4 Rc8 24. Ng3 f5 25. h3 Kf7 26. Rfe1 Bf6 27. Bf2 Ne7 28. Re2 c4 29. d4 Ra5 30. Ra1 Nd5 31. Be3 b5 32. Bd2 bxa4 33. Ree1 Rb8 34. g5 Be7 35. Ra2 Rb3 36. Ne2 Bd6 37. Rea1 a3 38. Bc1 axb2 39. Rxa5 bxa1Q 40. Rxa1 Rb7 41. Ra6 Ke7 42. Rc6 Rc7 43. Ra6 Kd7 44. Kd1 Rb7 45. Ra4 Nb6 46. Ra5 Bb8 47. Ke1 Nd5 48. Kd1 Kc8 49. Kc2 Rc7 50. Bd2 Rc6 51. Kd1 a6 52. Ke1 Bc7 53. Ra4 Kb7 0-1

[Event "Pan American-ch"]
[Site "Cartagena"]
[Date "2012.07.06"]
[Round "5"]
[White "Cuartas, Andres Mauricio"]
[Black "Echavarria, Gustavo"]
[Result "0-1"]
[WhiteElo "1709"]
[BlackElo "1944"]
[PlyCount "42"]
[EventDate "2012.07.04"]
[EventType "swiss"]
[EventRounds "9"]
[EventCountry "COL"]
[SourceTitle "CBM 149 Extra"]
[Source "ChessBase"]
[SourceDate "2012.08.24"]
[SourceVersion "1"]
[SourceVersionDate "2012.08.24"]
[SourceQuality "1"]

1. e4 c6 2. d4 d5 3. Nd2 dxe4 4. Nxe4 Bf5 5. Ng3 Bg6 6. Nf3 Nd7 7. Bd3 e6 8. h4 Ngf6 9. Bg5 Qb6 10. 0-0 Bd6 11. c4 Bxd3 12. Qxd3 Qc7 13. Ne4 Nxe4 14. Qxe4 h6 15. Be3 Nf6 16. Qc2 0-0 17. c5 Bf4 18. Bxf4 Qxf4 19. Qd2 Qg4 20. Qe3 Nd5 21. Qe2 Nf4 0-1

[Event "Pan American-ch"]
[Site "Cartagena"]
[Date "2012.07.06"]
[Round "6"]
[White "Echavarria, Gustavo"]
[Black "Reis, Virginia Lagrange M"]
[Result "1-0"]
[WhiteElo "1944"]
[BlackElo "1842"]
[PlyCount "41"]
[EventDate "2012.07.04"]
[EventType "swiss"]
[EventRounds "9"]
[EventCountry "COL"]
[SourceTitle "CBM 149 Extra"]
[Source "ChessBase"]
[SourceDate "2012.08.24"]
[SourceVersion "1"]
[SourceVersionDate "2012.08.24"]
[SourceQuality "1"]

1. d4 Nf6 2. e3 c5 3. c3 d5 4. Bd3 e6 5. Nd2 Nc6 6. f4 Bd6 7. Ngf3 Bd7 8. Ne5 Qe7 9. 0-0 0-0-0 10. b3 Ne8 11. Bb2 f6 12. Nxc6 Bxc6 13. c4 Kb8 14. Qc2 f5 15. Nf3 Nf6 16. Ne5 Bxe5 17. fxe5 Ng4 18. Qd2 Qh4 19. g3 Qh3 20. Rfe1 h5 21. Bf1 1-0

[Event "Puerto Boyaca op"]
[Site "Puerto Boyaca"]
[Date "2012.04.30"]
[Round "8"]
[White "Echavarria, Gustavo"]
[Black "Arismendi Polanco, Efrain Steven"]
[Result "1-0"]
[WhiteElo "1949"]
[BlackElo "1668"]
[PlyCount "67"]
[EventDate "2012.04.26"]
[EventType "swiss"]
[EventRounds "10"]
[EventCountry "COL"]
[SourceTitle "CBM 148 Extra"]
[Source "ChessBase"]
[SourceDate "2012.06.22"]
[SourceVersion "1"]
[SourceVersionDate "2012.06.22"]
[SourceQuality "1"]

1. e4 c5 2. f4 d6 3. Nf3 Nf6 4. Nc3 g6 5. Bc4 Nc6 6. d3 Bg7 7. 0-0 0-0 8. Ne2 a6 9. a3 b5 10. Bb3 Bb7 11. c3 a5 12. Bc2 b4 13. d4 bxc3 14. bxc3 cxd4 15. cxd4 Rb8 16. Kh1 e6 17. Ng3 d5 18. e5 Nd7 19. Qe2 Qc7 20. Be3 Rfc8 21. Rfc1 Bf8 22. Bd3 a4 23. h4 Qa5 24. h5 Nd8 25. Bd2 Qa7 26. hxg6 hxg6 27. Bc3 Nb6 28. Bb2 Nc6 29. Ng5 Na5 30. Rxc8 Rxc8 31. Qg4 Nbc4 32. Bxg6 fxg6 33. Qxe6+ Kh8 34. Qh3+ 1-0

[Event "Puerto Boyaca op"]
[Site "Puerto Boyaca"]
[Date "2012.04.29"]
[Round "6"]
[White "Echavarria, Gustavo"]
[Black "Torres, Jorge Emilio"]
[Result "0-1"]
[WhiteElo "1949"]
[BlackElo "2008"]
[PlyCount "82"]
[EventDate "2012.04.26"]
[EventType "swiss"]
[EventRounds "10"]
[EventCountry "COL"]
[SourceTitle "CBM 148 Extra"]
[Source "ChessBase"]
[SourceDate "2012.06.22"]
[SourceVersion "1"]
[SourceVersionDate "2012.06.22"]
[SourceQuality "1"]

1. e4 c5 2. f4 e6 3. Nf3 Nc6 4. d3 d6 5. Be2 Qc7 6. 0-0 Nge7 7. Nc3 g6 8. Nb5 Qb8 9. c3 a6 10. Na3 Bg7 11. Nc2 0-0 12. Qe1 e5 13. Qh4 f5 14. fxe5 dxe5 15. Bh6 Qd6 16. Ng5 Qf6 17. Bxg7 Qxg7 18. exf5 gxf5 19. Ne3 Kh8 20. Nf3 Ng6 21. Qc4 Nf4 22. Rfe1 b6 23. Qb3 b5 24. Qc2 Bd7 25. Bf1 Rae8 26. Kh1 Nxd3 27. Qxd3 e4 28. Qd5 f4 29. Nc2 Rf5 30. Qd1 exf3 31. Rxe8+ Bxe8 32. Qxf3 Ne5 33. Qa8 Rf8 34. Qd5 Bc6 35. Qxc5 f3 36. Ne3 Rg8 37. g3 Rd8 38. Rd1 f2+ 39. Nd5 Qf7 40. Bg2 Rxd5 41. Rxd5 f1Q+ 0-1